000 00744nam a2200217 i 4500
001 75251
003 ES-MaACL
005 20230906172402.0
007 t|
008 040923s1921 it ||||1| ita d
100 1 _aGranjon, R.
_959647
245 1 0 _aManuale practico di salvatura autogena /
_cper R. Granjon e P. Rosemberg ; complato con note ed ni appendice sul taglio all ossigeno del ferro ed acciaio dall' mgegnieve Ferdinando Pandini.
260 _aMilano :
_b[s.n.,
_c1921] (
_fTip. Sociale)
300 _aXXVIII, 1068 p. ;
_c15 cm.
490 1 _aManuali Hoepli
700 1 _aRosemberg, P.
_999708
700 1 _aPandini, Ferdinando.
_988752
830 0 _aManuali Hoepli
_9180782
852 _aES-MaACL
_jF-4544
999 _c75251
_d75251